Sabrina Carpenter - Paroles Needless to Say - Statistiques

Statistiques générales
  • Ce quiz a été pris 5 fois
    4 depuis la dernière actualisation
  • Le résultat moyen est 129 sur 176
Statistiques - réponses
Hint Réponse % Correct
an
100%
do
100%
I
100%
In
100%
in
100%
just
100%
less
100%
me
100%
need
100%
Need
100%
Needless
100%
Oh,
100%
on
100%
(Ooh)
100%
say
100%
the
100%
to
100%
who
100%
you
100%
Outro | Refrain You
100%
your
100%
about
67%
All
67%
all
67%
and
67%
basement?
67%
be
67%
bet
67%
boys
67%
dress,
67%
everything
67%
friends
67%
funny
67%
Couplet 1 Guess
67%
happier
67%
how
67%
if
67%
kinda
67%
left
67%
love
67%
more
67%
much
67%
New
67%
One
67%
Couplet 2 Pretty
67%
promise
67%
So
67%
than
67%
think
67%
York
67%
angle
33%
at
33%
awkward
33%
close
33%
comment
33%
conversations
33%
Early
33%
entertaining
33%
focus
33%
gets
33%
getting
33%
held
33%
How's
33%
immaturity
33%
it
33%
it's
33%
judgment
33%
laid
33%
lessons
33%
mother's
33%
now,
33%
of
33%
off,
33%
painful
33%
show
33%
spite,
33%
Try
33%
twenties
33%
up
33%
way
33%
weather
33%
working
33%
you'll
33%
zoomed
33%
Aucun quiz correspondant
Distribution des résultats
% des personnes avec chaque résultat
Percentile par nombre de réponses
Votre historique - résultats
Vous n’avez pas pris ce quiz depuis la dernière actualisation